Obálka Náhled e-knihy:
PDF Epub
Pro půjčování e-knih musíte být přihlášeni.
Jak si půjčit online?

Sherlock Holmes vyšetruje: Červené buky /

Vyriešiť tajomné záhady, nájsť ukradnuté poklady a brániť česť kráľovnej – to všetko je pre Sherlocka Holmesa a jeho verného spoločníka doktora Watsona každodennou prácou. Violet Hunterová sa uchádza o miesto vychovávateľky vo vidieckej usadlosti Červené buky, podmienky prijatia sú však veľmi podivn...

Celý popis

Uloženo v:
Série:Sherlock Holmes vyšetruje, část 12
Hlavní autor: Baudet, Stephanie (Autor)
Médium: E-kniha
Jazyk:Czech
Vydáno: Praha : Albatros Media Slovakia s.r.o., 2025
Příbuzné jednotky:Z cyklu:: Sherlock Holmes vyšetruje
Tagy:
Žádné tagy
LEADER 01619nam a22002417i 4500
001 302702
007 ta
008 260514s2025 xr ||||| |||| 00| 0 cze d
020 |a 9788056648179 
044 |a xr 
100 1 |a  Baudet, Stephanie  |4 aut 
245 1 0 |a Sherlock Holmes vyšetruje: Červené buky /  |c  Baudet, Stephanie 
240 1 0 |a Sherlock Holmes. The Copper Beeches 
264 1 |a Praha :  |b Albatros Media Slovakia s.r.o.,  |c 2025 
300 |a 1 online zdroj (88 stran) 
336 |a text  |b txt  |2 rdacontent 
337 |a bez média  |b n  |2 rdamedia 
338 |a online zdroj  |b cr  |2 rdacarrier 
520 2 |a Vyriešiť tajomné záhady, nájsť ukradnuté poklady a brániť česť kráľovnej – to všetko je pre Sherlocka Holmesa a jeho verného spoločníka doktora Watsona každodennou prácou. Violet Hunterová sa uchádza o miesto vychovávateľky vo vidieckej usadlosti Červené buky, podmienky prijatia sú však veľmi podivné. Preto sa obráti na Sherlocka Holmesa a doktora Watsona so žiadosťou o radu. Dvojica bojujúca so zločinom narazí v tajomnom dome na nebezpečnú záhadu... 
787 0 8 |g 12  |i Z cyklu:  |t Sherlock Holmes vyšetruje 
910 |a RBIT002 
998 |d 426959  |a https://core.palmknihy.cz/api/books/426959/cover?tesgi2  |b https://core.palmknihy.cz/api/books/426959/cover/400?tesgi2  |c https://core.palmknihy.cz/api/books/426959/cover/50?tesgi2  |e 2029-07-24  |g 88  |i 9788056648179  |j https://core.palmknihy.cz/api/books/426959/preview.epub  |k https://core.palmknihy.cz/api/books/426959/preview.pdf  |l   |q 49  |r 1  |s https://www.palmknihy.cz/kniha/426959  |t ebook  |y 2025  |z 1  |v Sherlock Holmes vyšetruje  |w 12 
999 |d 302700